000 00378nam a2200157Ia 4500
008 210210b1922 xxu||||| |||| 00| 0 eng d
041 _aeng
082 _a825/89
100 _aBLORE (G H)
245 _aVictorian worthies
260 _aLondon
_bOxford University Press
_c1922
650 _aworthies
650 _aVictorian
690 _aEnglish Criticism
906 _a014407
999 _c133584
_d133584